| Tag |
First Indicator |
Second Indicator |
Subfields |
| LEADER |
00000pam a2200000 a 4500 |
| 001 |
in00000086901 |
| 005 |
20151008062824.0 |
| 008 |
780418s1979 nyua j 00011 engm |
| 010 |
|
|
|a 78051874
|
| 020 |
|
|
|a 0803782489 :
|c $5.95
|
| 020 |
|
|
|a 0803782497 (lib. bldg.) :
|c $6.46
|
| 035 |
|
|
|a (OCoLC)03868916
|
| 035 |
|
|
|9 AAK1008AM
|
| 040 |
|
|
|a DLC
|c DLC
|d m.c.
|d TXA
|d UtOrBLW
|
| 049 |
|
|
|a [Curr Col] TXAM
|c [388500]
|
| 050 |
0 |
0 |
|a PZ7.W46843
|b St
|
| 082 |
0 |
|
|a [E]
|
| 090 |
|
|
|a PZ7 W46843
|b St 1979
|
| 100 |
1 |
|
|a Wells, Rosemary.
|
| 245 |
1 |
0 |
|a Stanley & Rhoda /
|c by Rosemary Wells.
|
| 264 |
|
1 |
|a New York :
|b Dial Press,
|c [1978]
|
| 264 |
|
3 |
|c 1979 printing
|
| 264 |
|
4 |
|c ©1978
|
| 300 |
|
|
|a 40 pages :
|b color illustrations ;
|c 22 cm.
|
| 336 |
|
|
|a text
|b txt
|2 rdacontent
|
| 337 |
|
|
|a unmediated
|b n
|2 rdamedia
|
| 338 |
|
|
|a volume
|b nc
|2 rdacarrier
|
| 520 |
|
|
|a In three episodes a brother and sister deal with Rhoda's untidy room, a bee sting, and a baby sitter.
|
| 650 |
|
1 |
|a Brothers and sisters
|x Fiction.
|
| 999 |
|
|
|a MARS
|
| 999 |
f |
f |
|s 40103c02-6e4e-3fd5-9731-b4715a86d542
|i 243d13f5-5ce3-31d6-afbe-5baa50c45592
|t 0
|
| 952 |
f |
f |
|p ric
|a Texas A&M University
|b Rellis Campus
|c Joint Library Facility
|d Remote Storage
|t 0
|e PZ7 W46843 St 1979
|h Library of Congress classification
|i unmediated -- volume
|m A14805982296
|
| 998 |
f |
f |
|a PZ7 W46843 St 1979
|t 0
|l Remote Storage
|